[Event "POL-chT U19 29th"]
[Site "Rowy"]
[Date "1998.08.28"]
[Round "9"]
[White "Jedryczka, Krystian"]
[Black "Dobosz, Lukasz"]
[Result "1/2-1/2"]
[WhiteElo "2465"]
[BlackElo "2190"]
[PlyCount "43"]
[EventDate "1998.08.20"]
[EventType "team-tourn"]
[EventRounds "11"]
[EventCountry "POL"]
[SourceTitle "EXT 2000"]
[Source "ChessBase"]
[SourceDate "1999.11.16"]
[SourceVersion "1"]
[SourceVersionDate "1999.11.16"]
[SourceQuality "1"]
[WhiteTeam "Plock PTSz U19"]
[BlackTeam "Wroclaw Srodmiescie U19"]
[WhiteTeamCountry "POL"]
[BlackTeamCountry "POL"]

1. e4 e6 2. d4 d5 3. Nc3 dxe4 4. Nxe4 Nd7 5. Nf3 Ngf6 6. Neg5 Bd6 7. Bd3 0-0 8. Qe2 Qe7 9. Ne5 c5 10. c3 cxd4 11. cxd4 Bb4+ 12. Bd2 Bxd2+ 13. Qxd2 h6 14. Ngf3 Nd5 15. 0-0 N7f6 16. Rae1 Bd7 17. a3 a6 18. Kh1 Bb5 19. Bxb5 axb5 20. Nd3 Rfc8 21. Nfe5 Nb6 22. Rc1 1/2-1/2

[Event "POL-chT U19 29th"]
[Site "Rowy"]
[Date "1998.08.25"]
[Round "6"]
[White "Jasik, Krzysztof"]
[Black "Dobosz, Lukasz"]
[Result "1-0"]
[WhiteElo "2220"]
[BlackElo "2190"]
[PlyCount "111"]
[EventDate "1998.08.20"]
[EventType "team-tourn"]
[EventRounds "11"]
[EventCountry "POL"]
[SourceTitle "EXT 2000"]
[Source "ChessBase"]
[SourceDate "1999.11.16"]
[SourceVersion "1"]
[SourceVersionDate "1999.11.16"]
[SourceQuality "1"]
[WhiteTeam "Jasien Lubtor U19"]
[BlackTeam "Wroclaw Srodmiescie U19"]
[WhiteTeamCountry "POL"]
[BlackTeamCountry "POL"]

1. e4 e6 2. d4 d5 3. Nd2 Nf6 4. e5 Nfd7 5. Bd3 c5 6. c3 Nc6 7. Ne2 cxd4 8. cxd4 f6 9. exf6 Nxf6 10. 0-0 Bd6 11. Nf3 Qc7 12. Nc3 a6 13. Bg5 0-0 14. Bh4 Nh5 15. Re1 g6 16. Bf1 Qg7 17. Rc1 Bd7 18. Na4 Rf7 19. Nc5 Bxc5 20. Rxc5 Raf8 21. Rc3 h6 22. Be2 Rf4 23. Bg3 Nxg3 24. hxg3 Re4 25. Bd3 Rxe1+ 26. Qxe1 Nxd4 27. Nxd4 Qxd4 28. Bxg6 Rf6 29. Bc2 Bc6 30. Re3 Qxb2 31. Rxe6 Kg7 32. Re7+ Rf7 33. Bb3 Qd4 34. Re2 Qf6 35. Re5 Rd7 36. f4 Qd6 37. Qe2 Rf7 38. f5 Qc5+ 39. Kh2 Qd4 40. Bc2 Bb5 41. Qe1 Bd3 42. Bxd3 Qxd3 43. g4 Qd4 44. Re6 Qf4+ 45. g3 Qb8 46. Qe3 Rf6 47. Rxf6 Kxf6 48. Qe6+ Kg7 49. Qg6+ Kh8 50. Qxh6+ Kg8 51. Qg6+ Kf8 52. Qf6+ Kg8 53. Qe6+ Kh8 54. g5 Qg8 55. g6 Qg7 56. Qc8+ 1-0

[Event "POL-chT U19 29th"]
[Site "Rowy"]
[Date "1998.08.20"]
[Round "1"]
[White "Dobosz, Lukasz"]
[Black "Cyborowski, Lukasz"]
[Result "0-1"]
[WhiteElo "2190"]
[BlackElo "2390"]
[PlyCount "132"]
[EventDate "1998.08.20"]
[EventType "team-tourn"]
[EventRounds "11"]
[EventCountry "POL"]
[SourceTitle "EXT 2000"]
[Source "ChessBase"]
[SourceDate "1999.11.16"]
[SourceVersion "1"]
[SourceVersionDate "1999.11.16"]
[SourceQuality "1"]
[WhiteTeam "Wroclaw Srodmiescie U19"]
[BlackTeam "Legnica Miedz U19"]
[WhiteTeamCountry "POL"]
[BlackTeamCountry "POL"]

1. e4 e5 2. Nf3 Nc6 3. Bb5 Nf6 4. 0-0 Nxe4 5. d4 Nd6 6. Bxc6 dxc6 7. dxe5 Nf5 8. Qe2 Nd4 9. Nxd4 Qxd4 10. Nd2 Bf5 11. Nb3 Qe4 12. Qxe4 Bxe4 13. c3 Be7 14. Be3 0-0-0 15. Rfd1 b6 16. Rd4 Bf5 17. Rad1 c5 18. Rxd8+ Bxd8 19. f4 Be7 20. Kf2 Kb7 21. c4 Kc6 22. Nd2 Rd8 23. Rc1 a6 24. Kf3 h5 25. Ne4 Bg4+ 26. Kf2 g6 27. b3 Bh4+ 28. g3 Be7 29. Nc3 Be6 30. a4 h4 31. Kf3 hxg3 32. hxg3 Rh8 33. Bf2 Rh2 34. Rd1 Kb7 35. Nd5 Bf8 36. Ne3 Kc8 37. g4 Bh6 38. Bg3 Rb2 39. Rd3 Bd7 40. Ke4 b5 41. axb5 axb5 42. cxb5 Bxb5 43. Rc3 Bc6+ 44. Kd3 Bf3 45. Rxc5 Rxb3+ 46. Rc3 Rb4 47. Rc4 Rb7 48. Kd4 Rb2 49. Kc3 Ra2 50. Bh4 Re2 51. Kd3 Rh2 52. Bg3 Ra2 53. Rc2 Ra3+ 54. Rc3 Ra4 55. Rc4 Ra1 56. Rc2 Kd7 57. Rh2 Ra3+ 58. Kd4 Ra4+ 59. Nc4 Bxg4 60. Rxh6 Be6 61. Rh2 Rxc4+ 62. Kd3 Ra4 63. Rd2 c6 64. Ke3+ Bd5 65. Rd4 Ra1 66. Bh4 Ke6 0-1

[Event "MK Cafe Cup-B"]
[Site "Koszalin"]
[Date "1998.??.??"]
[Round "4"]
[White "Babula, Milan"]
[Black "Dobosz, Lukasz"]
[Result "1-0"]
[WhiteElo "2325"]
[BlackElo "2190"]
[PlyCount "51"]
[EventDate "1998.08.??"]
[EventType "swiss"]
[EventRounds "10"]
[EventCountry "POL"]
[SourceTitle "EXT 1999"]
[Source "ChessBase"]
[SourceDate "1998.11.16"]
[SourceVersion "1"]
[SourceVersionDate "1998.11.16"]
[SourceQuality "1"]

1. e4 e6 2. d4 d5 3. Nd2 Nf6 4. e5 Nfd7 5. f4 c5 6. c3 cxd4 7. cxd4 Nc6 8. Ndf3 Qb6 9. Ne2 Be7 10. Nc3 f6 11. a3 0-0 12. Na4 Qc7 13. Be3 a6 14. Bd3 b5 15. Nc3 Qb6 16. Bf2 b4 17. Na4 Qa5 18. 0-0 Bb7 19. axb4 Nxb4 20. Nc5 Qxa1 21. Qxa1 Nxc5 22. Bxh7+ Kxh7 23. dxc5 fxe5 24. fxe5 Rac8 25. Qa4 Nd3 26. Qc2 1-0

[Event "POL-ch U18"]
[Site "Sopot"]
[Date "1997.??.??"]
[Round "?"]
[White "Pudlo, Emil"]
[Black "Dobosz, Lukasz"]
[Result "0-1"]
[WhiteElo "2020"]
[BlackElo "2110"]
[PlyCount "64"]
[EventDate "1997.??.??"]
[EventType "swiss"]
[EventRounds "10"]
[EventCountry "POL"]
[SourceTitle "EXT 2003"]
[Source "ChessBase"]
[SourceDate "2002.11.25"]
[SourceVersion "1"]
[SourceVersionDate "2002.11.25"]
[SourceQuality "1"]

1. d4 d5 2. c4 dxc4 3. Nf3 Nf6 4. e3 e6 5. Bxc4 c5 6. 0-0 a6 7. Qe2 b5 8. Bb3 Bb7 9. a4 c4 10. Bc2 Nc6 11. b3 cxb3 12. Bxb3 Na5 13. Nbd2 b4 14. Bb2 Bd6 15. Ba2 Qb6 16. Nb3 0-0 17. Nfd2 Qc6 18. f3 Nxb3 19. Bxb3 Qc7 20. h3 Bh2+ 21. Kh1 Nh5 22. Rfc1 Qxc1+ 23. Rxc1 Ng3+ 24. Kxh2 Nxe2 25. Rc7 Bd5 26. Bd1 Rfc8 27. Rc5 Nc3 28. Bc2 Rxc5 29. dxc5 Rc8 30. e4 Ba2 31. Bd3 a5 32. Kg3 Rxc5 0-1

[Event "POL-chT2 U18"]
[Site "Augustow"]
[Date "1996.??.??"]
[Round "?"]
[White "Dobosz, Lukasz"]
[Black "Oracz, Krzysztof"]
[Result "1-0"]
[WhiteElo "2045"]
[BlackElo "1800"]
[PlyCount "44"]
[EventDate "1996.??.??"]
[EventType "team"]
[EventRounds "10"]
[EventCountry "POL"]
[SourceTitle "EXT 2003"]
[Source "ChessBase"]
[SourceDate "2002.11.25"]
[SourceVersion "1"]
[SourceVersionDate "2002.11.25"]
[SourceQuality "1"]

1. e4 c5 2. Nf3 d6 3. d4 cxd4 4. Nxd4 Nf6 5. Nc3 a6 6. Be2 Nbd7 7. 0-0 e6 8. f4 Be7 9. Kh1 0-0 10. Bf3 Qc7 11. Be3 Nc5 12. Qe2 Rb8 13. Rad1 b5 14. e5 Ne8 15. Nc6 d5 16. Nxb8 Qxb8 17. Qf2 Qc7 18. Bxd5 b4 19. Ne4 Na4 20. Bb3 Nxb2 21. Rd4 Bd7 22. c3 bxc3 1-0

[Event "POL-chT2 U18"]
[Site "Augustow"]
[Date "1996.??.??"]
[Round "?"]
[White "Galkiewicz, Dariusz"]
[Black "Dobosz, Lukasz"]
[Result "1/2-1/2"]
[WhiteElo "2115"]
[BlackElo "2045"]
[PlyCount "75"]
[EventDate "1996.??.??"]
[EventType "team"]
[EventRounds "10"]
[EventCountry "POL"]
[SourceTitle "EXT 2003"]
[Source "ChessBase"]
[SourceDate "2002.11.25"]
[SourceVersion "1"]
[SourceVersionDate "2002.11.25"]
[SourceQuality "1"]

1. Nf3 c5 2. d4 cxd4 3. Nxd4 Nc6 4. c4 g6 5. Nc3 Bg7 6. Nc2 Nf6 7. e4 0-0 8. Be2 d6 9. 0-0 a6 10. Ne3 Rb8 11. Kh1 Bd7 12. a4 Qa5 13. Ned5 Nxd5 14. exd5 Nd4 15. Bg5 Rfe8 16. Bg4 Bxg4 17. Qxg4 Qb4 18. Qh4 Qxb2 19. Ne4 Nf5 20. Qg4 Qb4 21. Rab1 Qxa4 22. c5 Qd7 23. cxd6 exd6 24. Nf6+ Bxf6 25. Bxf6 Rbc8 26. Qg5 Rc4 27. Ba1 Qe7 28. Bf6 h6 29. Bxe7 hxg5 30. Bxg5 b5 31. Ra1 Ra8 32. h3 Rd4 33. Rfd1 Rxd1+ 34. Rxd1 b4 35. Bf4 Rd8 36. Ra1 Ra8 37. Rd1 Rd8 38. Ra1 1/2-1/2

[Event "Litomysl op"]
[Site "Litomysl"]
[Date "1996.??.??"]
[Round "1"]
[White "Milov, Leonid"]
[Black "Dobosz, Lukasz"]
[Result "1-0"]
[WhiteElo "2455"]
[BlackElo "2045"]
[PlyCount "65"]
[EventDate "1996.??.??"]
[EventType "swiss"]
[EventRounds "7"]
[EventCountry "CZE"]
[SourceTitle "EXT 1998"]
[Source "ChessBase"]
[SourceDate "1997.11.17"]
[SourceVersion "1"]
[SourceVersionDate "1997.11.17"]
[SourceQuality "1"]

1. e4 e6 2. d4 d5 3. Nd2 Nf6 4. e5 Nfd7 5. c3 c5 6. Ndf3 Nc6 7. Ne2 cxd4 8. cxd4 f6 9. exf6 Nxf6 10. Nc3 Bd6 11. Bb5 0-0 12. h3 Bd7 13. 0-0 Qb6 14. Re1 Rae8 15. Be3 a6 16. Bf1 Qa5 17. a3 e5 18. b4 Qd8 19. dxe5 Nxe5 20. Nxe5 Rxe5 21. Qd2 Bc6 22. Bd4 Rxe1 23. Rxe1 Ne4 24. Nxe4 dxe4 25. Rd1 Qc7 26. a4 b5 27. axb5 Bxb5 28. Bxb5 axb5 29. Be3 Rd8 30. Bf4 Bxf4 31. Qxd8+ Qxd8 32. Rxd8+ Kf7 33. Rd5 1-0

[Event "Jaroslawiec op-A"]
[Site "Jaroslawiec"]
[Date "1995.??.??"]
[Round "1"]
[White "Cyborowski, Lukasz"]
[Black "Dobosz, Lukasz"]
[Result "1-0"]
[WhiteElo "2455"]
[BlackElo "2130"]
[PlyCount "51"]
[EventDate "1995.??.??"]
[EventType "swiss"]
[EventRounds "9"]
[EventCountry "POL"]
[SourceTitle "EXT 2006"]
[Source "ChessBase"]
[SourceDate "2005.11.24"]
[SourceVersion "1"]
[SourceVersionDate "2005.11.24"]
[SourceQuality "1"]

1. d4 e6 2. c4 f5 3. g3 Nf6 4. Bg2 c6 5. Qc2 d5 6. Nf3 Bd6 7. 0-0 0-0 8. b3 b6 9. Bb2 Bb7 10. Nbd2 a5 11. Ne5 Na6 12. Rad1 Rc8 13. Qb1 Qe7 14. Ndf3 Ne4 15. Rc1 f4 16. Bh3 c5 17. cxd5 Bxd5 18. Rcd1 fxg3 19. hxg3 Rce8 20. Bg2 Qb7 21. Nc4 Bb8 22. Ne3 Qf7 23. Ne5 Bxe5 24. dxe5 Qg6 25. Nxd5 exd5 26. Rxd5 1-0